|
|
|
|
| LEADER |
00000cam a2200000 a 4500 |
| 001 |
TG-180 |
| 005 |
20230308191232.0 |
| 008 |
977112|1969 ||||||||r|||||||||||spa|| |
| 040 |
|
|
|b spa
|
| 041 |
1 |
|
|a spa
|
| 100 |
1 |
|
|a Crespo Regalado, Mercedes
|9 127086
|
| 245 |
1 |
1 |
|a Progresismo, positivismo y dictadura
|c Mercedes Crespo Regalado
|h imp
|
| 264 |
|
|
|a Cuenca
|c 1969
|
| 300 |
|
|
|a 29 páginas:
|c 32 cm
|
| 500 |
|
|
|a Seminario
|
| 502 |
|
|
|a Profesor de segunda enseñanza
|b Universidad de Cuenca
|c filo
|d Malo González, Claudio, dir.
|
| 504 |
|
|
|a incl. ref.
|
| 650 |
1 |
|
|a Corrientes filosoficas
|9 45806
|
| 650 |
1 |
|
|a Progresimo
|9 127087
|
| 650 |
1 |
|
|a Positivismo
|9 6456
|
| 650 |
1 |
|
|a Dictadura
|9 9093
|
| 650 |
|
|
|a Seminario
|9 142
|
| 852 |
|
|
|a UC-CDJBV
|c ESTANTERIA CERRADA
|f Donación
|k margarita.gutierrez
|l 1
|m Limitada
|p 19771124
|q 1,00
|t TG-180
|y 59134
|b 1
|d CDRC
|e CDRC
|g ESTANTERIA CERRADA
|z 1977-71-12
|
| 942 |
|
|
|c TS
|
| 999 |
|
|
|c 75500
|d 75500
|